000 01115nam a2200253 i 4500
001 67449
003 ES-MaACL
005 20230906170055.0
007 t|
008 040526s1998 sp ||||0| spa d
020 _a84-923834-0-2
080 _a946.0"18"(063)
080 _a946.9"18"(063)
111 2 _aCongreso Internacional "Los 98 Ibéricos y el Mar" (
_d1998.
_cTorre de Tombo, Lisboa)
_9473
245 1 4 _aLos 98 ibéricos y el mar
_b: Torre de Tombo (Lisboa) 27, 28 y 29 de abril de 1998.
260 _a[Madrid] :
_bSociedad Estatal Lisboa'98,
_c1998.
300 _a5 v. ;
_c24 cm.
505 8 _aContiene; 1. La península ibérica en sus relaciones internacionales - 2. La cultura en la península ibérica - 3. El Estado y la política - 4. La sociedad y la economía en la península ibérica - 5. Comunicaciones
651 4 _aEspaña-
_xHistoria-
_yS.XIX-
_vCongresos y asambleas.
_98353
651 4 _aPortugal-
_xHistoria-
_yS.XIX-
_vCongresos y asambleas.
_99262
710 2 _aSociedad Estatal Lisboa'98.
_96759
740 4 2 _aLos noventa y ocho ibéricos y el mar.
852 _aES-MaACL
_jL-27672-76
999 _c67449
_d67449